00395nam a2200157 a 45000010005000000030009000050080041000140400028000550820009000831000020000922450030001122600032001423000015001744900025001896500023002145813CO-ViMGA141112s2004 ck r 000 u spa d aCO-ViMGAbspacCO-ViMGA04aDELd1 aDeledda, Grazia10aDoce cuentos de Cerdeña aBarcelona : bLabor, c1977 a127 p : il aBolsillo juvenil, 1414aCUENTOS INFANTILES